000 01010nam a2200253 a 4500
001 000012152
005 20250306110006.0
008 091106s2007 dr b 000 0 spa d
040 _aDO-SdBNP
_bspa
_cBNPHU
082 _a338.1
_bT266e
100 1 _aTejada Cabrera, Frank
_928722
245 1 0 _aEconomía agrícola /
_cFrank Tejada Cabrera ; revisión José Alcántara.
260 _aSanto Domingo :
_bCEDAF,
_c2007.
300 _a530 p. :
_bil., mapa ;
_c23 cm.
500 _aIncluye datos biográficos del autor en la solapa de la contracubierta
500 _aIncluye referencias bibliográficas y notas al pie de las páginas.
590 _aInventariado, 2018/LP
650 0 _aAgricultura -
_xAspectos económicos
_930596
650 0 _aCrédito agrícola
_927394
650 4 _aAgricultura
_xRepública dominicana
_928723
700 1 _aAlcántara, José
_928724
710 2 _aCentro para el Desarrollo Agropecuario y Forestal (República Dominicana)
_9130
910 _aValidado. Control de calidad BNPHU.
999 _c11817
_d11817